Do kolísky namiesto do hrobu

Zásady obehovej ekonomiky. Princíp výrobkov od kolísky do kolísky (cradle to cradle), v skratke C2C, čo je aj názov certifikátu. Šetrenie na likvidácii odpadu ako aj na nákladoch. Príklady firiem praktizujúcich vo svojej výrobe recykláciu.

Gespeichert in:
Bibliographische Detailangaben
1. Verfasser: Lászlóová, Klaudia
Format: Buchkapitel
Sprache:Slowakisch
Schlagworte:
Tags: Tag hinzufügen
Keine Tags, Fügen Sie das erste Tag hinzu!

MARC

LEADER 00000naa a2200000 4500
001 0209752
005 20231113083603.9
041 0 |a slo 
044 |a SK 
245 1 0 |a Do kolísky namiesto do hrobu  |c Klaudia Lászlóová 
520 |a Zásady obehovej ekonomiky. Princíp výrobkov od kolísky do kolísky (cradle to cradle), v skratke C2C, čo je aj názov certifikátu. Šetrenie na likvidácii odpadu ako aj na nákladoch. Príklady firiem praktizujúcich vo svojej výrobe recykláciu. 
610 2 0 |a ekonomika nová 
610 2 0 |a odpad 
610 2 0 |a recyklácia odpadu 
610 2 0 |a firmy 
610 2 0 |a certifikáty 
100 1 |a Lászlóová, Klaudia